000 00310nam a22001337a 4500
008 170413b xxu||||| |||| 00| 0 eng d
020 _a9781412902793
041 _aeng
080 _22ND
_a612.39
100 _a10
101 _aSHM
245 _aCOUNSELLING FOR EATING DISORDERS
_cGILBERT, S
942 _2udc
_cBK
999 _c10644
_d10644